Taylor Swift - Paroles Safe & Sound (Hunger Games) - Statistiques

Statistiques générales
  • Ce quiz a été pris 46 fois
  • Le résultat moyen est 138 sur 176
Statistiques - réponses
Hint Réponse % Correct
Couplet 1 I
100%
you
100%
You
100%
and
97%
on
90%
safe
90%
sound
90%
the
90%
The
90%
your
90%
be
87%
down
87%
go
87%
no
87%
one
87%
Bridge Ooh
87%
(ooh)
87%
Outro Ooh,
87%
ooh
87%
You'll
87%
alright,
84%
alright
84%
can
84%
close
84%
eyes,
84%
eyes
84%
I'll
84%
is
84%
Refrain Just
84%
now
84%
Oh
84%
(oh
84%
whoa
84%
whoa)
84%
going
81%
hurt
81%
sun
81%
me
77%
remember
77%
When
77%
when
77%
Come
74%
let
74%
never
74%
said
74%
all
71%
don't
71%
Couplet 2 Don't
71%
face
71%
fire
71%
tears
71%
everything's
68%
light
68%
light,
68%
morning
68%
alone
61%
dare
61%
gone
61%
gone,
61%
here
61%
leave
61%
look
61%
out
61%
that's
61%
window,
61%
But
58%
darling,
58%
this
58%
streaming
52%
almost
48%
killed
48%
shadows
48%
tonight
48%
dead
45%
our
45%
lullaby
42%
even
39%
Hold
39%
music's
39%
onto
39%
keeps
35%
passed
35%
those
35%
door
32%
war
32%
outside
29%
raging
29%
Aucun quiz correspondant
Distribution des résultats
% des personnes avec chaque résultat
Percentile par nombre de réponses
Votre historique - résultats
Vous n’avez pas pris ce quiz